| 000 | 00697nam a2200253Ia 4500 | ||
|---|---|---|---|
| 005 | 20251020182514.0 | ||
| 008 | 200515s9999 xx 000 0 und d | ||
| 082 | _a658.3.054/L98 | ||
| 100 | _aKreitner, Robert | ||
| 100 | _aLuthans, Fred | ||
| 245 | 0 | _aModificación de la conducta organizacional | |
| 260 | _aMéxico, D.F. | ||
| 260 | _bTrillas | ||
| 260 | _c1979 | ||
| 300 | _a263 p. | ||
| 500 | _a1 ejemplar | ||
| 520 | _aEsclarece aspectos fundamentales, tanto teóricos como prácticos, de la conducta organizacional | ||
| 650 | _aADMINISTRACION | ||
| 650 | _aORGANIZACION | ||
| 650 | _aPSICOLOGIA INDUSTRIAL | ||
| 650 | _aRECURSOS HUMANOS | ||
| 942 | _cLIB | ||
| 999 |
_c1524 _d1524 |
||